000 00405 a2200145 4500
082 _a901.94
090 _c6612
_d6612
100 _aBell,Wendell.
245 _aFrom Hiroshima To Future Generations.
_bVoices from the Future Generations .
_cWendell Bell.
250 _a1st.
260 _aNew York
_bAlliance Foundation.
_c2010.
300 _a120p.
500 _aPaper cover
942 _anbs
_cBK
_k901.94 BEL
999 _c348970
_d348970